000 00911nam a2200229 a 4500
005 20160520130314.0
008 140226s1996 waud||||r|||| 00| 0 eng d
040 _aCO-BoIAVH
_cCO-BoIAVH
041 0 _aeng
044 _axxu
082 0 4 _a354.328
_bR96c
100 1 _aRussell, Clifford S.
_eautor
245 1 0 _aChoosing environmental policy tools :
_btheoretical cautions and practical considerations /
_cClifford S. Russell y Philip T. Powell
260 _aWashington :
_bInter-American Development Bank.
_c1996.
300 _ai, 51 páginas :
_btablas ;
_c28 x 21 cm.
504 _aIncluye referencias bibliográficas.
650 1 6 _aPolítica ambiental
_xinstrumentos
_zAmérica Latina
650 2 6 _aPolítica ambiental
_xbuenas prácticas
_zAmérica Latina
650 2 6 _aDesarrollo sostenible
_zAmérica Latina
700 1 _aPowell, Philip T.
_eautor
942 _cLIBRO
_2ddc
999 _c1154
_d1154